Pieszy Szlak Orlich Gniazd - Statystyki

Ogólne statystyki
  • Ten quiz został rozwiązany 80 razy
  • Średni wynik to 7 z 16
Statystyki odpowiedzi
L.P. Miejsce % Poprawnych
8 Zamek Ogrodzieniec
79%
2 Zamek w Olsztynie
74%
5 Zamek w Bobolicach
70%
13 Zamek Pieskowa Skała
66%
14 Zamek w Ojcowie
66%
4 Zamek w Mirowie
59%
16 Zamek na Wawelu
44%
12 Zamek w Rabsztynie
44%
10 Zamek Pilcza i Rezerwat Smoleń
39%
1 Sanktuarium na Jasnej Górze
34%
11 Zamek w Bydlinie
23%
15 Zamek w Korzkwi
20%
3 Zamek i rezerwat Ostrężnik
18%
7 Gród Podzamcze
10%
9 Pałac w Pilicy
5%
6 Zamek Bąkowiec
0%
Nie znaleziono quizów pasujących do podanych kryteriów
Rozkład punktacji
Procent ludzi z każdym wynikiem
Percentyl według liczby udzielonych odpowiedzi
Twoja historia wyników
Nie rozwiązałeś tego quizu